000 00270nam a22001217a 4500
008 181023b xxu||||| |||| 00| 0 eng d
041 _aeng
080 _a821
100 _a23
101 _agju
245 _aThe Oxford Clasical Dictionary
_cJames.p
942 _2udc
_cBK
999 _c50765
_d50765